000 01264cad a22002295a 4500
001 E147479
008 090514s2000 xxkao f 000 0 eng d
035 _a(Sirsi) u147479
041 0 _aeng
050 0 4 _a627.4 $2 18
110 2 _aScottish Environment Protection Agency
_93523
245 0 4 _aWatercourses in the community
_ba guide to sustainable watercourse management in the urban environment
_h[electronic resource]
260 _a[Stirling]
_bSEPA
_c2000
505 2 _aThe importance of urban watercourses -- Opportunities with urban watercourses -- Some ideas on applying the techniques -- Woking with water -- Make things happen -- Actions -- Information and advice -- Glossary
520 _aPublished as part of the Scottish Environment Protection Agency's Habitat Enhancement Initiative., this report examines the advantages of careful management of urban watercourses, and looks at the harm caused by their neglect.
521 _aIntroductory
651 4 _aScotland
_y1999-
690 _aENVIRONMENTAL AND LAND CONSULTANCY-WATER RESOURCE MANAGEMENT
710 1 _aUrban Design Alliance
_94005
856 4 0 _uhttps://www.sepa.org.uk/water/water_publications/habitat_enhancement.aspx
_zView the guide free of charge at www.sepa.org.uk...
942 _n0
999 _c109579
_d109579